<?xml version="1.0" encoding="UTF-8"?><?xml-stylesheet type="text/xsl" href="static/style.xsl"?><OAI-PMH xmlns="http://www.openarchives.org/OAI/2.0/" xmlns:xsi="http://www.w3.org/2001/XMLSchema-instance" xsi:schemaLocation="http://www.openarchives.org/OAI/2.0/ http://www.openarchives.org/OAI/2.0/OAI-PMH.xsd"><responseDate>2026-04-17T06:33:09Z</responseDate><request verb="GetRecord" identifier="oai:www.recercat.cat:2117/130294" metadataPrefix="marc">https://recercat.cat/oai/request</request><GetRecord><record><header><identifier>oai:recercat.cat:2117/130294</identifier><datestamp>2025-07-17T08:02:05Z</datestamp><setSpec>com_2072_1033</setSpec><setSpec>col_2072_452950</setSpec></header><metadata><record xmlns="http://www.loc.gov/MARC21/slim" xmlns:dcterms="http://purl.org/dc/terms/" xmlns:xsi="http://www.w3.org/2001/XMLSchema-instance" xmlns:doc="http://www.lyncode.com/xoai" xsi:schemaLocation="http://www.loc.gov/MARC21/slim http://www.loc.gov/standards/marcxml/schema/MARC21slim.xsd">
   <leader>00925njm 22002777a 4500</leader>
   <datafield ind2=" " ind1=" " tag="042">
      <subfield code="a">dc</subfield>
   </datafield>
   <datafield ind2=" " ind1=" " tag="720">
      <subfield code="a">Ferrús Ferré, Ramón Antonio</subfield>
      <subfield code="e">author</subfield>
   </datafield>
   <datafield ind2=" " ind1=" " tag="720">
      <subfield code="a">Sallent Roig, Oriol</subfield>
      <subfield code="e">author</subfield>
   </datafield>
   <datafield ind2=" " ind1=" " tag="720">
      <subfield code="a">Pérez Romero, Jordi</subfield>
      <subfield code="e">author</subfield>
   </datafield>
   <datafield ind2=" " ind1=" " tag="260">
      <subfield code="c">2018</subfield>
   </datafield>
   <datafield ind2=" " ind1=" " tag="520">
      <subfield code="a">El soporte de slicing en los futuros sistemas 5G&#xd;
persigue acomodar, en una misma infraestructura de red, una&#xd;
diversidad de aplicaciones y modelos de negocio mucho mayor&#xd;
que el permitido actualmente con los sistemas 4G. Si bien el&#xd;
soporte de slicing a nivel funcional y de procedimientos ya ha sido&#xd;
cubierto en la primera entrega de especificaciones 5G, el&#xd;
desarrollo de soluciones para la gestión de las capacidades de&#xd;
slicing, particularmente en lo que concierne a la red de acceso&#xd;
5G, se encuentra en una fase mucho más incipiente. En este&#xd;
contexto, esta comunicación presenta un marco funcional para la&#xd;
gestión de slicing en la red de acceso radio y proporciona un&#xd;
conjunto de ejemplos de la operativa de dicho marco funcional&#xd;
en un escenario ilustrativo</subfield>
   </datafield>
   <datafield ind2=" " ind1=" " tag="520">
      <subfield code="a">Peer Reviewed</subfield>
   </datafield>
   <datafield ind2=" " ind1=" " tag="520">
      <subfield code="a">Postprint (published version)</subfield>
   </datafield>
   <datafield tag="653" ind2=" " ind1=" ">
      <subfield code="a">Àrees temàtiques de la UPC::Enginyeria de la telecomunicació::Radiocomunicació i exploració electromagnètica::Comunicacions mòbils</subfield>
   </datafield>
   <datafield tag="653" ind2=" " ind1=" ">
      <subfield code="a">Mobile communication systems</subfield>
   </datafield>
   <datafield tag="653" ind2=" " ind1=" ">
      <subfield code="a">Comunicacions mòbils, Sistemes de</subfield>
   </datafield>
   <datafield ind2="0" ind1="0" tag="245">
      <subfield code="a">Marco funcional para la gestión de slicing en la red de acceso radio 5G</subfield>
   </datafield>
</record></metadata></record></GetRecord></OAI-PMH>